000 00638nas a2200217 4500
001 BR9604667
003 BR-BrBNA
005 20231205094859.0
007 ta
008 230509b bl.|||p| |||| 00| 00por d
040 _aBR-BrBNA
_bpor
_cBiblioteca Nacional de Agricultura
041 _a(Pt)
072 _aL60
100 1 _aGansos, Alem de vigiar, e gostoso no prato
245 1 _aGansos. Alem de vigiar, e gostoso no pato
650 _aGanso
650 _aAve Aquatica
773 0 _tProdutor de Leite (Brazil)
_x
_g(Mar-Apr 1996), v. 25(155) p. 56-57
_wBR9604667
909 _a202311
_bLúcia
_c55
_dLúcia Elande
942 _2AGRIS
_n0
_cANA
999 _c147527
_d147527